Trois petites filles
保存先:
| 第一著者: | |
|---|---|
| フォーマット: | 図書 |
| 言語: | Undetermined |
| 出版事項: |
París, Francia
Alphonse Lemerre
1899
|
| 主題: | |
| タグ: |
タグ追加
タグなし, このレコードへの初めてのタグを付けませんか!
|
MARC
| LEADER | 00000nam a2200000Ia 4500 | ||
|---|---|---|---|
| 008 | 170316s9999 xx 000 0 und d | ||
| 040 | |a cru BVZT | ||
| 090 | |a 840 B-27t | ||
| 100 | |a Bourget, Paul | ||
| 245 | |a Trois petites filles | ||
| 260 | |a París, Francia | ||
| 260 | |b Alphonse Lemerre | ||
| 260 | |c 1899 | ||
| 300 | |a 125 páginas | ||
| 650 | |a LITERATURA FRANCESA | ||
| 999 | |c 7510 |d 7510 | ||
| 942 | |c 15 D |h 840 B-27t |2 z | ||
